Detalles MARC
| 000 -LEADER |
| fixed length control field |
01885nam a2200361 a 4500 |
| 001 - CONTROL NUMBER |
| control field |
|
| 003 - CONTROL NUMBER IDENTIFIER |
| control field |
DO-SdBNP |
| 005 - DATE AND TIME OF LATEST TRANSACTION |
| control field |
20231026115753.0 |
| 008 - FIXED-LENGTH DATA ELEMENTS--GENERAL INFORMATION |
| fixed length control field |
090714s2006 dr ac 001 0 spa d |
| 020 ## - INTERNATIONAL STANDARD BOOK NUMBER |
| International Standard Book Number |
9945140108 |
| 040 ## - CATALOGING SOURCE |
| Original cataloging agency |
DO-SdBNP |
| Language of cataloging |
spa |
| Transcribing agency |
BPMSU |
| 082 ## - DEWEY DECIMAL CLASSIFICATION NUMBER |
| Classification number |
355.037293 |
| Item number |
P227s 2006 |
| Edition number |
22 |
| 100 1# - MAIN ENTRY--PERSONAL NAME |
| Personal name |
Pared Pérez, Sifrido A., |
| Dates associated with a name |
1957- |
| 245 10 - TITLE STATEMENT |
| Title |
Seguridad defensa e identidad nacional / |
| Statement of responsibility, etc. |
Sifrido A. Pared Pérez ; prólogo Euclides Gutiérrez Félix ; investigación Lilian Bobea, Raúl Benítez Manaut, Rut Diamint. |
| 260 ## - PUBLICATION, DISTRIBUTION, ETC. (IMPRINT) |
| Place of publication, distribution, etc. |
Santo Domingo : |
| Name of publisher, distributor, etc. |
Instituto Iberoamericano de Inteligencia y Seguridad ; |
| -- |
Comisionado de Apoyo de la Reforma y Modernización de la Justicia, |
| Date of publication, distribution, etc. |
2006. |
| 300 ## - PHYSICAL DESCRIPTION |
| Extent |
467 p. : |
| Other physical details |
il., retrs. ; |
| Dimensions |
23 cm. |
| 500 ## - GENERAL NOTE |
| General note |
Incluye referencias bibliográficas y notas al pie de las páginas |
| 504 ## - BIBLIOGRAPHY, ETC. NOTE |
| Bibliography, etc |
Bibliografía : p. 465-467 |
| 505 0# - FORMATTED CONTENTS NOTE |
| Formatted contents note |
El ambiente de seguridad nacional y los elementos que lo propician - La estructura nacional de seguridad y defensa en la República Dominicana -- La cultura de seguridad, defensa e identidad nacional: papel de la educación militar -- La doctrina militar: una respuesta a las amenazas y riesgos -- Seguridad, defensa, identidad y desarrollo nacional -- Lienzos de la identidad dominicana: simbiosis gráfica de historia, patria, defensa y sociedad. |
| 590 ## - LOCAL NOTE (RLIN) |
| Local note |
Inventariado, 2022/VM |
| 650 #4 - SUBJECT ADDED ENTRY--TOPICAL TERM |
| Topical term or geographic name as entry element |
Identidad nacional |
| General subdivision |
Historia |
| Geographic subdivision |
República Dominicana |
| 650 #4 - SUBJECT ADDED ENTRY--TOPICAL TERM |
| Topical term or geographic name as entry element |
Defensa (ciencia militar) |
| 650 #4 - SUBJECT ADDED ENTRY--TOPICAL TERM |
| Topical term or geographic name as entry element |
Pintura dominicana |
| 651 #4 - SUBJECT ADDED ENTRY--GEOGRAPHIC NAME |
| Geographic name |
República Dominicana |
| General subdivision |
Seguridad Nacional |
| 651 #4 - SUBJECT ADDED ENTRY--GEOGRAPHIC NAME |
| Geographic name |
República Dominicana |
| General subdivision |
Características Nacionales |
| 651 #4 - SUBJECT ADDED ENTRY--GEOGRAPHIC NAME |
| Geographic name |
República Dominicana |
| General subdivision |
Fuerzas Armadas |
| 700 1# - ADDED ENTRY--PERSONAL NAME |
| Personal name |
Gutiérrez Félix, Euclides, |
| Relator term |
prólogo |
| 700 1# - ADDED ENTRY--PERSONAL NAME |
| Personal name |
Bobea, Lilian |
| 700 1# - ADDED ENTRY--PERSONAL NAME |
| Personal name |
Benítez Manaut, Rut |
| 700 1# - ADDED ENTRY--PERSONAL NAME |
| Personal name |
Diamint, Rut |
| 910 ## - USER-OPTION DATA (OCLC) |
| User-option data |
VMateo V. |
| 942 ## - ADDED ENTRY ELEMENTS (KOHA) |
| Source of classification or shelving scheme |
Dewey Decimal Classification |
| Koha item type |
Libros |